POLITICAL POPE HOW POPE FRANCIS IS DELIG (Record no. 29189)

MARC details
000 -LEADER
fixed length control field 00337nam a2200133Ia 4500
008 - FIXED-LENGTH DATA ELEMENTS--GENERAL INFORMATION
fixed length control field 240624s9999 xx 000 0 und d
041 ## - LANGUAGE CODE
Language code of text/sound track or separate title eng
082 ## - DEWEY DECIMAL CLASSIFICATION NUMBER
Classification number 320 NEU
100 ## - MAIN ENTRY--PERSONAL NAME
Personal name NEUMAYR GEORGE
245 ## - TITLE STATEMENT
Title POLITICAL POPE HOW POPE FRANCIS IS DELIG
260 ## - PUBLICATION, DISTRIBUTION, ETC.
Date of publication, distribution, etc. 2017
Place of publication, distribution, etc. New York
Name of publisher, distributor, etc. Center Street
300 ## - PHYSICAL DESCRIPTION
Extent 277 p.; 24 cm.
365 ## - TRADE PRICE
Currency code RS
Holdings
Withdrawn status Lost status Damaged status Not for loan Home library Current library Shelving location Date acquired Cost, normal purchase price Full call number Barcode Date last seen Copy number Price effective from Koha item type
        IMTN IMTN Rack 5-B 08/29/2017 1206.00 320 NEU 29189 06/24/2024 1 06/24/2024 Books
Designed & Maintained by: LRC IMT Nagpur Contact: lrc@imtnag.ac.in© 2024. All Rights Reserved.